| 000 | 00639nam a2200241 a 4500 | ||
|---|---|---|---|
| 001 | nice12345678 | ||
| 003 | IN_TiNIC | ||
| 005 | 20260116014003.0 | ||
| 008 | 050524s1994 mica grp 000 0 eng | ||
| 020 |
_a0310619 _c352 |
||
| 082 | 0 | 0 |
_a221.0202 _bWAL |
| 100 | _aWalton, John H | ||
| 245 | _aChronological and Background Chart of the Old Testament. | ||
| 260 |
_aMichigan _bZondervan Publishing House _c1994 |
||
| 300 | _a124p | ||
| 500 | _aincludes index and biblioraphy | ||
| 505 | 2 | _aSubject Index | |
| 650 | _aBible-Chronology | ||
| 700 | 1 | _aWalton, John H | |
| 902 | _bSRS | ||
| 942 | _cBK | ||
| 999 |
_c13381 _d13381 |
||